• 首页
  • 本馆介绍
  • 公告通知
  • 最新文献
  • 馆藏检索
  • 电子资源
  • 读者导购
  • 参考咨询
  • 我的图书馆
  • 登录
  • 详细信息显示
  • 放入我的书架
  • 预约/预借图书
  • 作者相关作品
  • 分类相关作品
  • 丛书相关作品
  • 出版社相关作品

书目信息

  • 表格格式
  • 工作单格式
  • 卡片格式
题名:
智能建筑与综合布线系统
    
 
作者: 薛颂石 主编
分册:  
出版信息: 北京   人民邮电出版社  2002
页数: 329页
开本: 26cm
丛书名:
单 册:
中图分类: TU855
科图分类:
主题词: 智能建筑 , 布线 , 智能建筑--布线--系统设计 , 系统设计
电子资源:
ISBN: 7-115-10213-9
000 00668nam0 2200241 45
001 (011001)c2002053689
005 20050912160524.62
010    @a7-115-10213-9@dCNY36.00
100    @a20020730d2002 em y0chiy0110 ea
101 0  @achi
102    @aCN@b110000
105    @ay z 000yy
200 1  @a智能建筑与综合布线系统@9zhi neng jian zhu yu zong he bu xian xi tong@f薛颂石主编
210    @a北京@c人民邮电出版社@d2002
215    @a329页@d26cm
606 0  @a智能建筑
606 0  @a布线
606 0  @a智能建筑@x布线@x系统设计
606 0  @a系统设计
690    @aTU855@v4
701  0 @a薛颂石@9xue song shi@4主编
801    @aCN@bTSTC@c20050912
905    @dTU855@e154
    
    智能建筑与综合布线系统/薛颂石主编.-北京:人民邮电出版社,2002
    329页;26cm
    
    
    ISBN 7-115-10213-9:CNY36.00
    
●
相关链接 在E读中查询图书 在五车中查询图书 在当当中查询图书 在豆瓣中查询图书


正题名:智能建筑与综合布线系统     索取号:TU855/154         预约/预借

序号 登录号 条形码 馆藏地/架位号 状态 备注
1 0321184   203211844   第三借阅区/ [索取号:TU855/154] 在馆    
2 0321185   203211853   第三借阅区/ [索取号:TU855/154] 在馆    
3 0321186   203211862   第二样本阅览室/ [索取号:TU855/154] 在馆    
4 0360943   3609438   第三借阅区/ [索取号:TU855/154] 在馆    
5 0360944   3609447   第三借阅区/ [索取号:TU855/154] 在馆    
6 0360945   3609456   第三借阅区/ [索取号:TU855/154] 在馆    
唐山师范学院图书馆 欢迎您!
大连网信软件有限公司© 版权所有